000
00342 a2200157 4500
001
67887
020
_a
9788536011479
040
_c
Anchieta - Pituba
100
_a
Jensen, Louis
240
1
0
_a
Uma jornada para Deus
_l
por
245
1
0
_a
Uma jornada para Deus
300
_a
32
362
0
_a
2012
650
4
_a
Literatura juvenil
942
_c
BK
999
_c
67887
_d
67887